La nulidad y la rescisión en el derecho civil chileno
সংরক্ষণ করুন:
| প্রধান লেখক: | |
|---|---|
| বিন্যাস: | গ্রন্থ |
| ভাষা: | স্প্যানিশ |
| প্রকাশিত: |
Santiago
Jurídica
2008
|
| সংস্করন: | 3a. ed |
| বিষয়গুলি: | |
| ট্যাগগুলো: |
ট্যাগ যুক্ত করুন
কোনো ট্যাগ নেই, প্রথমজন হিসাবে ট্যাগ করুন!
|
MARC
| LEADER | 00000nam a2200000 a 4500 | ||
|---|---|---|---|
| 001 | UCI8699 | ||
| 003 | CL-VaPUC | ||
| 008 | 080922e20080000CL |||||||||||||||||spa|d | ||
| 020 | |a 9789561018723o.c | ||
| 020 | |a 9789561018730v.1 | ||
| 020 | |a 9789561018754v.2 | ||
| 082 | 0 | 4 | |a 346.8302 |b ALE |2 21 |
| 100 | 0 | |a Alessandri Besa, Arturo |e author |9 438894 | |
| 245 | 1 | 3 | |a La nulidad y la rescisión en el derecho civil chileno |
| 250 | |a 3a. ed | ||
| 300 | |a v | ||
| 942 | |c BK | ||
| 945 | |d 20080922 00:00:00 |a jtorresc | ||
| 260 | |a Santiago |b Jurídica |c 2008 | ||
| 650 | 0 | |a Nulidad Derecho |9 256153 | |
| 650 | 7 | |a RESCISION |2 CL-VaPUC |9 256756 | |
| 650 | 0 | |a Actos jurídicos |9 255748 | |
| 651 | 7 | |a CHILE |2 CL-VaPUC |9 532286 | |
| 583 | |a last modification |c 20080922 00:00:00 |k Rodrigo Vera | ||
| 999 | |c 331509 |d 331507 | ||
| 952 | |0 0 |1 0 |4 0 |6 346_830200000000000_ALE_2008 |7 0 |8 A |9 418232 |a BIBDER |b BIBDER |d 2019-11-22 |h v.1 |i 4482964 |l 2 |m 3 |o 346.8302 ALE 2008 |p 4482964 |r 2025-04-15 |s 2025-04-10 |w 2019-11-22 |y BK |k DER | ||
| 952 | |0 0 |1 0 |4 0 |6 346_830200000000000_ALE_2008 |7 0 |8 A |9 418233 |a BIBDER |b BIBDER |d 2019-11-22 |h v.2 |i 4482972 |l 9 |m 1 |o 346.8302 ALE 2008 |p 4482972 |r 2025-04-10 |s 2025-04-10 |w 2019-11-22 |y BK |k DER | ||